000 00415nam a2200169Ia 4500
005 20250423094324.0
008 250422s9999 xx 000 0 und d
020 _a0-201-36111-6
050 _aQC 21.2 .H48/
100 _aHeuvelen, Alan Van
245 0 _aActiv Physics 2 ; workbook
260 _aNew York
260 _bAddison Wesley Publishing Company
260 _c1999
650 _aPhysics
942 _cBK
999 _c26907
_d26907